000 00500pam a2200181 a 4500
020 _a08920567
_c12704.00
041 _aeng
_hNULL
082 _a616.991
100 _aDEVITA , V .
245 _aCANCER PRINCIPLES & PRACTICE OF ONCOLOGY ( WITH CD ) /
_cNULL.
_hTextual Documents
250 _a7 /
_b.
260 _aNULL :
_bLIPPINCOTT WILLIAMS & WILKINS ,
_c2005.
300 _a2898+I-1158 ;
_cA4.
365 _a12704.00
930 _a159
999 _c794695
_d794695
650 _aGEN.MEDICINE